Sensible : (Record no. 613)

MARC details
000 -CABECERA
campo de control de longitud fija 01513nam a22002894c 4500
003 - IDENTIFICADOR DE NUMERO DE CONTROL
campo de control AR-BaSMT
008 - CAMPOS DE LONGITUD FIJA
campo de control de longitud fija 260406b2025 aga|||br|||| 000 1 spa d
020 ## - ISBN: Indicadores indefinidos
Número ISBN 9789877805291
040 ## - FUENTE DE CATALOGACION
Agencia de catalogación original BSGB
Idioma de catalogación español
Agencia que realiza la transcripción BSB
Convenciones de la descripción rda
041 ## - CODIGO DE IDIOMA
Código idioma spa
Idioma original español
080 ## - CDU
CDU completo 82-34
100 1# - PUNTO DE ACCESO PRINCIPAL
Nombre de persona Tirado, Míriam
Enlace autoridades 447
245 10 - MENCION DE TITULO
Título Sensible :
Subtítulo un cuento para abrazar lo que sentimos
250 ## - MENCION DE EDICION
Mención de edición Primera edición
264 #1 - PRODUCCIÓN, PUBLICACIÓN, DISTRIBUCIÓN, ETC.
Lugar de publicación, etc. Buenos aires :
Nombre editor. Ediciones B ,
Fecha 2025
300 ## - DESCRIPCION FISICA
Extensión 64 páginas ;
Otros detalles físicos ilustraciones color
336 ## - TIPO DE CONTENIDO
rdacontent rdacontent
texto texto
txt txt
337 ## - TIPO DE MEDIO
rdamedia rdamedia
sin mediación sin mediación
n n
338 ## - TIPO DE SOPORTE
rdacarrier rdacarrier
volumen vlumen
nc nc
520 ## - NOTA DE SUMARIO, RESUMEN, ETC.
Toda la nota Desde muy pequeña, Martina a menudo se siente incómoda. Unas veces es por la luz, que la ciega, o por un ruido que la asusta. Otras veces es por las costuras de la ropa, que se le clavan y casi parece que tenga pinches en la piel.<br/><br/>Aunque sea difícil ser tan sensible, Martina descubrirá que, en realidad, tiene un superpoder. Gracias a su sensibilidad puede sentir, vivir y conectar con los demás con mayor intensidad.<br/><br/> Todos somos sensibles, en mayor o menor medida.<br/><br/>Un cuento sobre la sensibilidad que nos permitirá abrazar lo que sentimos y vivir siendo nosotros mismos.
URL, URI, etc. https://www.abrecuentos.com/products/sensibles-un-cuento-para-abrazar-lo-que-sentimos<br/>06/04/2026
521 ## - NOTA DE PÚBLICO DESTINATARIO
Nota de audiencia A partir de 7 años
650 #7 - PUNTO DE ACCESO ADICIONAL DE MATERIA – TÉRMINO TEMÁTICO
Enlace autoridades 8
Término de materia o nombre geográfico como elemento de entrada LITERATURA INFANTIL
650 #7 - PUNTO DE ACCESO ADICIONAL DE MATERIA – TÉRMINO TEMÁTICO
Enlace autoridades 23
Término de materia o nombre geográfico como elemento de entrada CUENTO
Subdivisión geográfica Española
653 ## - PUNTO DE ACCESO ADICIONAL DE MATERIA – TÉRMINO NO CONTROLADO
Término de indización no controlado Emociones
942 ## - ELEMENTOS AGREGADOS (KOHA)
CDU Clasificación Decimal Dewey
Tipo de ítem Libros
Holdings
Disponible Perdido Fuente de clasificación Estado Ubicación permanente Locación actual Estante o sala Fuente de adquisición Número de inventario Total préstamos Signatura topográfica Código de barras Numero de ejemplar Tipo de item de Koha Calificador de localización códificado
    Clasificación Decimal Dewey   Biblioteca Susana G. De Batemarco Biblioteca Susana G. De Batemarco Celeste donación 000829   82-34 TIR 000829 1 Libros  

Powered by Koha